La electrónica en la agricultura: agrónica / María Almanza Sánchez y Pablo García Muñoz (Record no. 217101)
[ view plain ]
| 000 -CABECERA | |
|---|---|
| campo de control de longitud fija | 00910nam a2200265Ia 4500 |
| 001 - NÚMERO DE CONTROL | |
| campo de control | Z_6296 |
| 008 - DATOS DE LONGITUD FIJA--INFORMACIÓN GENERAL | |
| campo de control de longitud fija | 220601s9999 xx 000 0 und d |
| 020 ## - NÚMERO INTERNACIONAL ESTÁNDAR DEL LIBRO | |
| Número Internacional Estándar del Libro | 968-884-427-6 |
| 082 ## - NÚMERO DE LA CLASIFICACIÓN DECIMAL DEWEY | |
| Número de clasificación | 338.16 A46 |
| 100 ## - ENTRADA PRINCIPAL--NOMBRE DE PERSONA | |
| Nombre de persona | Almanza Sánchez, María |
| 9 (RLIN) | 4485 |
| 245 ## - MENCIÓN DE TÍTULO | |
| Título | La electrónica en la agricultura: agrónica / María Almanza Sánchez y Pablo García Muñoz |
| 260 ## - PUBLICACIÓN, DISTRIBUCIÓN, ETC. | |
| Lugar de publicación, distribución, etc. | México : UACh: Departamento de Sociología Rural |
| 300 ## - DESCRIPCIÓN FÍSICA | |
| Extensión | 97 p. |
| 503 ## - NOTA DE HISTORIA BIBLIOGRÁFICA (BK CF MU) [OBSOLETO] | |
| Nota de historia bibliográfica | ej.1: s/n |
| 650 ## - PUNTO DE ACCESO ADICIONAL DE MATERIA--TÉRMINO DE MATERIA | |
| Término de materia o nombre geográfico como elemento de entrada | 1. Agricultura - Innovaciones tecnológicas |
| 650 ## - PUNTO DE ACCESO ADICIONAL DE MATERIA--TÉRMINO DE MATERIA | |
| Término de materia o nombre geográfico como elemento de entrada | Aadopción de innovaciones |
| 650 ## - PUNTO DE ACCESO ADICIONAL DE MATERIA--TÉRMINO DE MATERIA | |
| Término de materia o nombre geográfico como elemento de entrada | Procesamiento automático de datos en agricultura |
| 9 (RLIN) | 91751 |
| 700 ## - PUNTO DE ACCESO ADICIONAL--NOMBRE DE PERSONA | |
| Nombre de persona | García Muñoz, Pablo, coaut. |
| 9 (RLIN) | 144402 |
| 710 ## - PUNTO DE ACCESO ADICIONAL--NOMBRE DE ENTIDAD CORPORATIVA | |
| Nombre de entidad corporativa o nombre de jurisdicción como elemento de entrada | UACh: Departamento de Sociología RuralÌ |
| 9 (RLIN) | 183479 |
| 901 ## - ELEMENTOS DE DATOS A LOCAL LDA (RLIN) | |
| a | 338.16 A46 |
| 902 ## - ELEMENTOS DE DATOS B LOCAL, LDB (RLIN) | |
| a | M |
| 905 ## - ELEMENTOS DE DATOS E LOCAL, LDE (RLIN) | |
| a | 5232271997 mx 8211113311spa16 |
| 942 ## - ELEMENTOS DE PUNTO DE ACCESO ADICIONAL (KOHA) | |
| Tipo de ítem Koha | Libro_ |
| Estado de retiro | Estado de pérdida | Estado dañado | No para préstamo | Localización permanente | Ubicación/localización actual | Ubicación en estantería | Fecha de adquisición | Total de préstamos | Código de barras | Fecha visto por última vez | Número de copia | Precio válido a partir de | Tipo de ítem Koha | Nota pública |
|---|---|---|---|---|---|---|---|---|---|---|---|---|---|---|
| Zootecnia | Zootecnia | 14/09/2012 | z_5876 | 02/06/2022 | 1 | 02/06/2022 | Libro | 2 |
